[Event "EU-ch Schools U10"]
[Site "Tornelo INT"]
[Date "2021.12.10"]
[Round "1"]
[White "Radionenko, Gleb"]
[Black "Ahmad, Khagan"]
[Result "0-1"]
[WhiteElo "1257"]
[BlackElo "1918"]
[PlyCount "120"]
[EventDate "2021.12.03"]
[EventType "swiss (rapid)"]
[EventRounds "9"]
[EventCountry "NET"]
[SourceTitle "EXT 2023"]
[Source "ChessBase"]
[SourceDate "2022.10.05"]
[SourceVersion "1"]
[SourceVersionDate "2022.10.05"]
[SourceQuality "1"]

1. e4 c5 2. Nf3 Nc6 3. g3 g6 4. Bg2 Bg7 5. d3 Nf6 6. 0-0 d5 7. Nbd2 0-0 8. Re1 b6 9. Qe2 e5 10. b3 Bb7 11. Bb2 Re8 12. Rad1 Qc7 13. exd5 Nxd5 14. Nc4 Re7 15. Ba1 Rae8 16. Nfd2 Nd4 17. Bxd4 exd4 18. Qf1 Nc3 19. Rxe7 Qxe7 20. Bxb7 Nxd1 21. Qxd1 Qxb7 22. Nd6 Qa8 23. Nxe8 Qxe8 24. Kf1 Qc6 25. Qf3 Qxf3 26. Nxf3 Kf8 27. Nd2 Ke7 28. Ke2 Ke6 29. Kf3 Kd5 30. Nc4 b5 31. Na3 a6 32. Ke2 h5 33. f4 Bf8 34. Nb1 c4 35. Nd2 cxb3 36. cxb3 Kc5 37. a3 a5 38. Ne4+ Kd5 39. a4 bxa4 40. bxa4 Be7 41. Kd2 f5 42. Ng5 Bxg5 43. fxg5 Kc5 44. Ke2 Kb4 45. Kf3 Kxa4 46. Kf4 Kb4 47. Ke5 a4 48. Kf6 a3 49. Kxg6 a2 50. Kxh5 a1Q 51. g6 Qd1+ 52. Kh6 Qxd3 53. g7 Qc4 54. Kh7 Qf7 55. h4 d3 56. Kh8 Qh5+ 57. Kg8 d2 58. Kf8 d1Q 59. g8Q Qd8+ 60. Kg7 Qe7+ 0-1

[Event "Wch-ch U08 rapid"]
[Site "Minsk"]
[Date "2019.08.16"]
[Round "3"]
[White "Bouska, Jiri"]
[Black "Radionenko, Gleb"]
[Result "1-0"]
[WhiteElo "1465"]
[BlackElo "1203"]
[PlyCount "39"]
[EventDate "2019.08.16"]
[EventType "swiss (rapid)"]
[EventRounds "9"]
[EventCountry "BLR"]
[SourceTitle "EXT 2020"]
[Source "ChessBase"]
[SourceDate "2019.10.17"]
[SourceVersion "1"]
[SourceVersionDate "2019.10.17"]
[SourceQuality "1"]

1. e4 c5 2. Nf3 e6 3. d4 cxd4 4. Nxd4 Nc6 5. Nc3 Qc7 6. Ndb5 Qb6 7. Be3 Qa5 8. Nd6+ Bxd6 9. Qxd6 Nf6 10. f3 Qb4 11. Qxb4 Nxb4 12. 0-0-0 Nc6 13. Bc5 b6 14. Ba3 Bb7 15. Nb5 Kd8 16. Nd6 Rg8 17. Nxb7+ Kc8 18. Ba6 Rb8 19. Na5+ Kd8 20. Nxc6+ 1-0